| 000 | 00435nam a22001817a 4500 | ||
|---|---|---|---|
| 005 | 20241017150707.0 | ||
| 008 | 241017b |||||||| |||| 00| 0 eng d | ||
| 020 | _a9789697916313 | ||
| 082 |
_a618.92 _bPER-B |
||
| 100 | _aPervez Akbar khan | ||
| 245 | _aBasic of Pediatrics / | ||
| 250 | _a10th ed. | ||
| 260 |
_apakistan: _bNishter: _c2018 |
||
| 300 |
_a628p. _bill; _c27cm. |
||
| 650 | _aPediatrics | ||
| 999 |
_c36685 _d36685 |
||